The wealth, walk and warfare of the Christian. (Record no. 5853)

000 -LEADER
fixed length control field 00798nam a2200205 a 4500
001 - CONTROL NUMBER
control field :::00003595$&:&@@
003 - CONTROL NUMBER IDENTIFIER
control field OkBaRHE
005 - DATE AND TIME OF LATEST TRANSACTION
control field 20000607103308.0
008 - FIXED-LENGTH DATA ELEMENTS--GENERAL INFORMATION
fixed length control field s1939 j 000 0 eng u
040 ## - CATALOGING SOURCE
Transcribing agency
100 1# - MAIN ENTRY--PERSONAL NAME
Personal name Paxson, Ruth.
245 14 - TITLE STATEMENT
Title The wealth, walk and warfare of the Christian.
260 ## - PUBLICATION, DISTRIBUTION, ETC. (IMPRINT)
Place of publication, distribution, etc Old Tappan, NJ., :
Name of publisher, distributor, etc Fleming H. Revell Company
Date of publication, distribution, etc c1939
300 ## - PHYSICAL DESCRIPTION
Extent 221 p. ;
Dimensions 19 cm.
650 ## - SUBJECT ADDED ENTRY--TOPICAL TERM
Topical term or geographic name as entry element Bible New Testament Ephesians
General subdivision Criticism
942 ## - ADDED ENTRY ELEMENTS (KOHA)
Source of classification or shelving scheme
Koha item type Books
Copies
Shelving location Price effective from Date acquired Source of classification or shelving scheme Withdrawn status Not for loan Date last seen Copy number Lost status Damaged status Permanent Location Koha item type Full call number Barcode
General Stacks2010-04-142010-04-14   2018-04-031  RHEMA Bible Training CollegeBooksBS 2695.2 .P383595
General Stacks2010-04-142010-04-14   2018-04-032  RHEMA Bible Training CollegeBooksBS 2695.2 .P3815642
General Stacks2010-04-142010-04-14   2018-04-033  RHEMA Bible Training CollegeBooksBS 2695.2 .P3820408